| 000 | 00644nam a2200277Ia 4500 | ||
|---|---|---|---|
| 001 | Z_4371 | ||
| 003 | CHAP | ||
| 008 | 220113s1997 xx 000 0 und d | ||
| 010 | _a167441 | ||
| 040 | _cCHAP | ||
| 082 | _a633.2 C65 | ||
| 100 |
_aInternational Grassland Congress (18 : 1997 : Winnipeg, Canada) _9141644 |
||
| 245 |
_aMemoria / _cby Grassland Society |
||
| 260 |
_aAlberta, Cánada : _bThe Society, _c1997 |
||
| 300 | _a2v. | ||
| 440 | _a | ||
| 500 | _a | ||
| 503 | _a | ||
| 650 |
_aPastizales _xCongresos _985930 |
||
| 901 | _a633.2 C65 | ||
| 902 | _aA | ||
| 910 | _a1997 | ||
| 942 | _c1 | ||
| 942 | _cc1 | ||
| 999 |
_c167441 _d167441 |
||